[Event "Frankfurt Ch 2014"]
[Site "Ffm-Höchst, BiKuZ"]
[Date "2014.05.05"]
[Round "2.1"]
[White "Achtmann, Armin"]
[Black "Khenkin, Igor"]
[Result "0-1"]
[WhiteElo "1915"]
[BlackElo "2550"]
[PlyCount "50"]
[EventDate "2014.??.??"]
[WhiteTeam "SAbt TuS Dotzheim"]
[BlackTeam "Wiesbadener SV 1885"]

1. Nf3 d5 2. d4 Nf6 3. c4 e6 4. g3 dxc4 5. Bg2 c6 6. O-O b5 7. a4 Bb7 8. Ne5
Qc8 9. b3 cxb3 10. Qxb3 b4 11. a5 c5 12. Qa4+ Nbd7 13. Bxb7 Qxb7 14. dxc5 Bxc5
15. Rd1 Rd8 16. Ra2 O-O 17. Nxd7 Rxd7 18. Rxd7 Nxd7 19. Bf4 e5 20. Rd2 Bxf2+
21. Kxf2 Nc5 22. a6 Qh1 23. Rd1 Qxh2+ 24. Kf3 exf4 25. gxf4 Qh3+ 0-1

[Event "Frankfurt Ch 2014"]
[Site "Ffm-Höchst, BiKuZ"]
[Date "2014.05.05"]
[Round "2.2"]
[White "Poetsch, Hagen"]
[Black "Kolker, Vladislav"]
[Result "1-0"]
[WhiteElo "2463"]
[BlackElo "1915"]
[PlyCount "73"]
[EventDate "2014.??.??"]
[WhiteTeam "SF Schöneck"]
[BlackTeam "SC Bad Nauheim"]

1. a4 e5 2. a5 a6 3. e3 d6 4. d4 Nd7 5. Nf3 Ngf6 6. Bc4 c6 7. dxe5 d5 8. exf6
dxc4 9. fxg7 Bxg7 10. Qe2 b5 11. axb6 Nxb6 12. e4 O-O 13. c3 f5 14. Bg5 Qd3 15.
e5 f4 16. Qxd3 cxd3 17. Nbd2 h6 18. Be7 Re8 19. Bd6 Be6 20. O-O Nc4 21. Nxc4
Bxc4 22. Rfe1 a5 23. Ra4 Bd5 24. Nd2 Rad8 25. Kf1 Rxd6 26. exd6 Bxg2+ 27. Kxg2
Rxe1 28. d7 Bf6 29. Rxf4 Bd8 30. Rf3 Re5 31. Rxd3 Rd5 32. Rxd5 cxd5 33. Nb3 Kf7
34. Nd4 Ke7 35. Nc6+ Kxd7 36. Nxd8 Kxd8 37. Kf3 1-0

[Event "Frankfurt Ch 2014"]
[Site "Ffm-Höchst, BiKuZ"]
[Date "2014.05.05"]
[Round "2.3"]
[White "Geske, Julian"]
[Black "Kulenovic, Adnan"]
[Result "1-0"]
[WhiteElo "2347"]
[BlackElo "1913"]
[PlyCount "75"]
[EventDate "2014.??.??"]
[WhiteTeam "Wiesbadener SV 1885"]
[BlackTeam "SC Springer Rodenbach"]

1. e4 e6 2. d4 d5 3. Nd2 Nf6 4. e5 Nfd7 5. c3 c5 6. Bd3 Nc6 7. Ne2 cxd4 8. cxd4
f6 9. exf6 Nxf6 10. Nf3 Qc7 11. O-O Bd6 12. g3 Nh5 13. Ng5 g6 14. Qc2 Ne7 15.
Bb5+ Nc6 16. Bd2 O-O 17. Rac1 Bd7 18. Bd3 Rf6 19. a3 Rc8 20. Be3 Be8 21. f4 Ng7
22. Qd2 Nf5 23. Bf2 Qg7 24. Nf3 Bd7 25. Ne5 Rff8 26. b4 Nb8 27. g4 Ne7 28. Kh1
Rxc1 29. Rxc1 g5 30. Bg3 Bxe5 31. dxe5 gxf4 32. Bxf4 Rf7 33. Qe3 Ng6 34. Bh6
Qh8 35. b5 Re7 36. Bxg6 hxg6 37. Qg5 Qh7 38. Rf1 1-0

[Event "Frankfurt Ch 2014"]
[Site "Ffm-Höchst, BiKuZ"]
[Date "2014.05.05"]
[Round "2.4"]
[White "Heinatz, Thomas"]
[Black "Schmitt, Roland"]
[Result "1-0"]
[WhiteElo "2309"]
[BlackElo "1907"]
[PlyCount "77"]
[EventDate "2014.??.??"]
[WhiteTeam "SF Schöneck"]
[BlackTeam "SK Großsachsen"]

1. e4 c5 2. Nf3 d6 3. d4 cxd4 4. Nxd4 Nf6 5. Nc3 g6 6. Be3 Bg7 7. f3 O-O 8. Qd2
Nc6 9. g4 Be6 10. Nxe6 fxe6 11. O-O-O Ne5 12. Be2 Qa5 13. Kb1 Rfc8 14. Nb5 Qxd2
15. Bxd2 Nc4 16. Bc1 e5 17. b3 Na5 18. Bd2 Nc6 19. Bc4+ Kh8 20. Be6 Rf8 21. h4
Nd8 22. Bc4 h5 23. Bg5 a6 24. Nc7 Rc8 25. Ne6 Nxe6 26. Bxe6 Rc3 27. Rd3 Rc7 28.
a4 Kh7 29. Re1 hxg4 30. fxg4 Ng8 31. h5 Bh6 32. hxg6+ Kxg6 33. Bh4 Bg5 34. Bf5+
Kf6 35. Rh3 Bxh4 36. Rxh4 Rc3 37. g5+ Kxg5 38. Rg4+ Kf6 39. Rf1 1-0

[Event "Frankfurt Ch 2014"]
[Site "Ffm-Höchst, BiKuZ"]
[Date "2014.05.05"]
[Round "2.5"]
[White "Egenolf, Dirk"]
[Black "Legde, Georg"]
[Result "0-1"]
[WhiteElo "1906"]
[BlackElo "2292"]
[PlyCount "58"]
[EventDate "2014.??.??"]
[WhiteTeam "SK Niederbrechen 1948"]
[BlackTeam "SK 1858 Gießen"]

1. Nf3 Nf6 2. g3 d5 3. Bg2 g6 4. d3 Bg7 5. O-O O-O 6. Nbd2 d4 7. e4 dxe3 8.
fxe3 c5 9. Qe2 Nc6 10. Nb3 Qd6 11. d4 e5 12. dxc5 Qe7 13. e4 a5 14. a4 Be6 15.
Ra3 Nb4 16. Ne1 Nd7 17. Be3 Bxb3 18. Rxb3 Nxc5 19. Ra3 Rfd8 20. h4 Rac8 21. h5
Rc6 22. hxg6 hxg6 23. g4 Bf6 24. Qf3 Rd7 25. Qh3 Ne6 26. Kf2 Bh4+ 27. Ke2 Nxc2
28. Nxc2 Rxc2+ 29. Kf3 Qf6+ 0-1

[Event "Frankfurt Ch 2014"]
[Site "Ffm-Höchst, BiKuZ"]
[Date "2014.05.05"]
[Round "2.6"]
[White "Seickel, Ralf"]
[Black "Minor, Samuel"]
[Result "0-1"]
[WhiteElo "1905"]
[BlackElo "2186"]
[PlyCount "72"]
[EventDate "2014.??.??"]
[WhiteTeam "vereinslos"]
[BlackTeam "Wiesbadener SV 1885"]

1. Nf3 d5 2. d4 c5 3. dxc5 e6 4. c4 Bxc5 5. cxd5 exd5 6. Nc3 Nf6 7. e3 Nc6 8.
Bd3 O-O 9. O-O Bg4 10. Be2 Qe7 11. Nd4 Bxe2 12. Ncxe2 Rac8 13. Bd2 Nxd4 14.
exd4 Bb6 15. Bg5 h6 16. Bxf6 Qxf6 17. Qd2 Rc4 18. b3 Rc6 19. Rac1 Rfc8 20. g3
Kh7 21. Rxc6 Rxc6 22. Rc1 Rxc1+ 23. Qxc1 Bxd4 24. Nxd4 Qxd4 25. Qc7 f5 26. Qxb7
Qe4 27. a3 Kg6 28. b4 d4 29. Qxe4 fxe4 30. Kf1 Kf5 31. Ke2 Ke5 32. f3 exf3+ 33.
Kxf3 Kd5 34. Ke2 Kc4 35. Kd2 Kb3 36. Kd3 Kxa3 0-1

[Event "Frankfurt Ch 2014"]
[Site "Ffm-Höchst, BiKuZ"]
[Date "2014.05.05"]
[Round "2.7"]
[White "Stockmann, Michael"]
[Black "Blum, Ralph"]
[Result "1-0"]
[WhiteElo "2181"]
[BlackElo "1897"]
[PlyCount "71"]
[EventDate "2014.??.??"]
[WhiteTeam "SF Schöneck"]
[BlackTeam "SV 1934 Ffm-Griesheim"]

1. d4 e6 2. c4 f5 3. g3 Nf6 4. Bg2 Be7 5. Nf3 d6 6. O-O O-O 7. Qc2 Qe8 8. Nc3
Qg6 9. d5 e5 10. Nh4 Qh5 11. Bf3 Ng4 12. h3 g5 13. Nxf5 Bxf5 14. hxg4 Bxg4 15.
Bxg4 Qxg4 16. Qe4 Qh3 17. Qg2 Qg4 18. Ne4 b6 19. f3 Qf5 20. g4 Qg6 21. Ng3 e4
22. Nxe4 Nd7 23. b3 a5 24. Bb2 Rae8 25. Ng3 Bf6 26. e4 Be5 27. Nf5 Rf7 28. Rad1
h6 29. Bxe5 Nxe5 30. Rd2 Rh7 31. Qg3 Kh8 32. Rh2 Nd3 33. Qg2 Nf4 34. Qb2+ Re5
35. Nd4 h5 36. Nc6 1-0

[Event "Frankfurt Ch 2014"]
[Site "Ffm-Höchst, BiKuZ"]
[Date "2014.05.05"]
[Round "2.8"]
[White "Göbel, Andreas"]
[Black "Zimmermann, Hendrik"]
[Result "0-1"]
[WhiteElo "1900"]
[BlackElo "2173"]
[PlyCount "38"]
[EventDate "2014.??.??"]
[WhiteTeam "SC Brett vorm Kopp Ffm"]
[BlackTeam "SC 1961 König Nied"]

1. Nf3 f5 2. g3 Nf6 3. Bg2 g6 4. b3 Bg7 5. Bb2 O-O 6. O-O d6 7. d4 Na6 8. c4
Qe8 9. e3 Bd7 10. a3 c5 11. Nbd2 Rb8 12. Qc2 Kh8 13. Bc3 b5 14. dxc5 Nxc5 15.
b4 Na4 16. Nd4 Rc8 17. Qd3 bxc4 18. Nxc4 Nxc3 19. Qxc3 d5 0-1

[Event "Frankfurt Ch 2014"]
[Site "Ffm-Höchst, BiKuZ"]
[Date "2014.05.05"]
[Round "2.9"]
[White "Chandler, Patrick"]
[Black "Kropp, Volker"]
[Result "1-0"]
[WhiteElo "2135"]
[BlackElo "1892"]
[PlyCount "79"]
[EventDate "2014.??.??"]
[WhiteTeam "Sfr. Schöneck"]
[BlackTeam "SV Mainz-Mombach"]

1. Nf3 c5 2. e4 Nc6 3. d4 cxd4 4. Nxd4 Nf6 5. Nc3 e5 6. Ndb5 h6 7. Nd6+ Bxd6 8.
Qxd6 Qe7 9. Qxe7+ Kxe7 10. b3 a6 11. Ba3+ d6 12. O-O-O Rd8 13. Bc4 Be6 14. Nd5+
Bxd5 15. exd5 Na5 16. Be2 b5 17. Rhe1 Nd7 18. Bg4 f6 19. f4 Rab8 20. c3 Nb7 21.
h4 Nbc5 22. h5 a5 23. Bb2 b4 24. g3 a4 25. cxb4 Rxb4 26. Bc3 Rb7 27. b4 Na6 28.
a3 Rc8 29. Rd3 Nc7 30. fxe5 fxe5 31. Bxe5 dxe5 32. d6+ Kd8 33. dxc7+ Rbxc7+ 34.
Kb2 Ke7 35. Bxd7 Rxd7 36. Rxe5+ Kd8 37. Rxd7+ Kxd7 38. Ra5 Rf8 39. Rxa4 Rf2+
40. Kc1 1-0

[Event "Frankfurt Ch 2014"]
[Site "Ffm-Höchst, BiKuZ"]
[Date "2014.05.05"]
[Round "2.10"]
[White "Rutsatz, Mario"]
[Black "Mager, Denis"]
[Result "0-1"]
[WhiteElo "1896"]
[BlackElo "2133"]
[PlyCount "42"]
[EventDate "2014.??.??"]
[WhiteTeam "SF Frankfurt 1921"]
[BlackTeam "SAbt TuS Makkabi Ffm"]

1. e4 c5 2. b3 d6 3. Bb2 e5 4. Bc4 Nc6 5. Nc3 Nf6 6. Nge2 Be6 7. d3 Be7 8. O-O
g5 9. Nd5 Bxd5 10. Bxd5 Nxd5 11. exd5 Nb4 12. f4 Nxd5 13. Qd2 gxf4 14. Nxf4 Bg5
15. g3 Rg8 16. Qg2 Ne3 17. Qxb7 Bxf4 18. Rxf4 exf4 19. Qe4+ Kd7 20. Qxf4 Nxc2
21. Bf6 Qe8 0-1

[Event "Frankfurt Ch 2014"]
[Site "Ffm-Höchst, BiKuZ"]
[Date "2014.05.05"]
[Round "2.11"]
[White "Reschke, Thomas"]
[Black "Lebermann, Hellmuth"]
[Result "1/2-1/2"]
[WhiteElo "2090"]
[BlackElo "1865"]
[PlyCount "91"]
[EventDate "2014.??.??"]
[WhiteTeam "SC Frankfurt-West"]
[BlackTeam "SK Bad Homburg 1927"]

1. c4 Nf6 2. g3 g6 3. Bg2 c5 4. Nc3 Bg7 5. a3 O-O 6. Rb1 a5 7. e4 d6 8. Nge2
Na6 9. O-O Rb8 10. d3 Bd7 11. h3 Nc7 12. a4 Qc8 13. Kh2 Ne6 14. Be3 Bc6 15. Qd2
Re8 16. f4 b6 17. b3 Nf8 18. d4 h5 19. Rf2 Qb7 20. d5 Bd7 21. Rbf1 N6h7 22. f5
Bf6 23. h4 Bc8 24. Bh3 Nd7 25. fxg6 fxg6 26. Be6+ Kh8 27. Bf7 Rf8 28. Bxg6 Ne5
29. Bf5 Ng4+ 30. Bxg4 Bxg4 31. Nf4 Rg8 32. Qd3 Be5 33. Nce2 Nf6 34. Bd2 Qd7 35.
Bc3 Bxe2 36. Rxe2 Rbf8 37. Bxe5 dxe5 38. Ne6 Ng4+ 39. Kg2 Rxf1 40. Kxf1 Qe8 41.
Kg2 Rg6 42. Re1 Rf6 43. Re2 Qf7 44. Qd2 Rf1 45. Ng5 Qf6 46. Qb2 1/2-1/2

[Event "Frankfurt Ch 2014"]
[Site "Ffm-Höchst, BiKuZ"]
[Date "2014.05.05"]
[Round "2.12"]
[White "Rolf, Marco"]
[Black "Kaulfuss, Helmut"]
[Result "0-1"]
[WhiteElo "1872"]
[BlackElo "2086"]
[PlyCount "76"]
[EventDate "2014.??.??"]
[WhiteTeam "SK Bad Homburg 1927"]
[BlackTeam "SV 1920 Hofheim"]

1. e4 Nc6 2. d4 e5 3. Nf3 exd4 4. Nxd4 Bc5 5. Nb3 Bb6 6. Be2 d6 7. O-O Bd7 8.
Nc3 Nf6 9. Bg5 h6 10. Bh4 g5 11. Bg3 Qe7 12. Re1 O-O-O 13. Nd5 Nxd5 14. exd5
Ne5 15. a4 a6 16. a5 Ba7 17. Nd4 f5 18. f3 h5 19. Bf2 f4 20. Qd2 Qf6 21. Ra3 g4
22. Kf1 Rdg8 23. Qc3 g3 24. hxg3 fxg3 25. Ne6 Bxe6 26. Bxa7 Bxd5 27. Qd4 Bc6
28. Rb3 Nd7 29. Qxf6 Nxf6 30. Bd4 Rf8 31. Bc4 d5 32. Bd3 Rhg8 33. Bf5+ Kd8 34.
Re6 Ne4 35. Bxe4 dxe4 36. Bf6+ Kd7 37. Re7+ Kd6 38. Bh4 Rg4 0-1

[Event "Frankfurt Ch 2014"]
[Site "Ffm-Höchst, BiKuZ"]
[Date "2014.05.05"]
[Round "2.13"]
[White "Koch, Markus"]
[Black "Mosig, Rainer"]
[Result "1-0"]
[WhiteElo "2070"]
[BlackElo "1854"]
[PlyCount "93"]
[EventDate "2014.??.??"]
[WhiteTeam "SC Brett vorm Kopp Ffm"]
[BlackTeam "SC 1979 Hattersheim"]

1. d4 Nf6 2. c4 d6 3. f3 Nbd7 4. Nc3 g6 5. e4 Bg7 6. Be3 O-O 7. Qd2 a6 8. Nh3
e5 9. d5 Rb8 10. Nf2 Nh5 11. g4 Nf4 12. Nd3 Nxd3+ 13. Bxd3 Nc5 14. Be2 f5 15.
gxf5 gxf5 16. O-O-O b5 17. b4 Na4 18. c5 Bd7 19. Nxa4 bxa4 20. c6 Be8 21. Bxa6
fxe4 22. fxe4 Bg6 23. Bd3 a3 24. h4 Bh5 25. Rdg1 Kh8 26. b5 Rf3 27. Be2 Rxe3
28. Qxe3 Bxe2 29. Rxg7 Kxg7 30. Qxe2 Qf6 31. Kc2 Rxb5 32. Rg1+ Kf7 33. Qxb5
Qf2+ 34. Kb3 Qxg1 35. Qd3 Qc1 36. Ka4 Qb2 37. Qxa3 Qc2+ 38. Qb3 Qxe4+ 39. Ka5
Qd4 40. Ka6 Ke7 41. Kb7 Kd8 42. a4 Qg4 43. a5 e4 44. Qc3 e3 45. Qh8+ Ke7 46.
Qxh7+ Kf6 47. Qh6+ 1-0

[Event "Frankfurt Ch 2014"]
[Site "Ffm-Höchst, BiKuZ"]
[Date "2014.05.05"]
[Round "2.14"]
[White "Seifert, Norbert"]
[Black "Schwenkreis, Thomas"]
[Result "0-1"]
[WhiteElo "1867"]
[BlackElo "2064"]
[PlyCount "62"]
[EventDate "2014.??.??"]
[WhiteTeam "SF Neuberg"]
[BlackTeam "SC Brett vorm Kopp Ffm"]

1. d4 Nf6 2. Nf3 d6 3. c4 g6 4. Nc3 Bg7 5. e4 O-O 6. Be2 e5 7. dxe5 dxe5 8.
Qxd8 Rxd8 9. Bg5 Re8 10. Nd5 Nxd5 11. cxd5 c6 12. Bc4 cxd5 13. Bxd5 Nc6 14.
Bxc6 bxc6 15. Be3 a5 16. Rc1 Ba6 17. Nd2 f5 18. f3 Red8 19. Nb3 Bb5 20. Rd1 a4
21. Nc1 Bf8 22. Bb6 Rdb8 23. Bc7 Re8 24. Bd6 Bh6 25. Ne2 Be3 26. Bb4 Bc4 27. a3
Rad8 28. Rxd8 Rxd8 29. Bc3 f4 30. Ba5 Rd7 31. Bc3 Bb3 0-1

[Event "Frankfurt Ch 2014"]
[Site "Ffm-Höchst, BiKuZ"]
[Date "2014.05.05"]
[Round "2.15"]
[White "Geringer, Waldemar"]
[Black "Rüger, Erhard"]
[Result "0-1"]
[WhiteElo "1858"]
[BlackElo "2019"]
[PlyCount "68"]
[EventDate "2014.??.??"]
[WhiteTeam "SSG Rödermark/Eppertshausen"]
[BlackTeam "SC Brett vorm Kopp Ffm"]

1. d4 Nf6 2. c4 e6 3. Nf3 c5 4. d5 exd5 5. cxd5 d6 6. Nc3 g6 7. e4 Bg7 8. Bd3
Bg4 9. O-O O-O 10. Bf4 Nh5 11. Bg5 Bxf3 12. Bxd8 Bxd1 13. Be7 Bg4 14. Bxf8 Bxf8
15. f4 Bd7 16. e5 Bg7 17. g4 Nxf4 18. Rxf4 Bxe5 19. Re4 f5 20. Re2 fxg4 21. Rf1
Na6 22. Bc4 Kg7 23. Kg2 Nc7 24. Ref2 Bf5 25. a4 Re8 26. Bb5 Re7 27. Bc4 Bd4 28.
Rxf5 gxf5 29. Rxf5 Bxc3 30. bxc3 Re4 31. Bd3 Re3 32. Bb1 Re5 33. Rxe5 dxe5 34.
Kg3 Nxd5 0-1

[Event "Frankfurt Ch 2014"]
[Site "Ffm-Höchst, BiKuZ"]
[Date "2014.05.05"]
[Round "2.16"]
[White "Kretner, Georg-Ulrich"]
[Black "Meyer, Stefan"]
[Result "1/2-1/2"]
[WhiteElo "1838"]
[BlackElo "2013"]
[PlyCount "74"]
[EventDate "2014.??.??"]
[WhiteTeam "SC Bad Nauheim"]
[BlackTeam "SAbt TuS Dotzheim"]

1. d4 e6 2. Nf3 f5 3. c4 Nf6 4. g3 Be7 5. Bg2 O-O 6. O-O Ne4 7. b3 Bf6 8. Bb2
d6 9. Qc2 Nc6 10. a3 e5 11. dxe5 dxe5 12. Rd1 Qe8 13. Ne1 Nd4 14. Bxd4 exd4 15.
Nd3 c6 16. b4 a5 17. Ra2 Be6 18. bxa5 Rxa5 19. Rb2 Qe7 20. Qb3 b5 21. Qb4 Qa7
22. cxb5 Rxb5 23. Qe1 Rxb2 24. Nxb2 Rb8 25. Nd3 c5 26. e3 Ba2 27. exd4 Bxd4 28.
g4 Bxb1 29. Rxb1 Rxb1 30. Qxb1 c4 31. Qa2 Qa4 32. gxf5 Nc3 33. Nb2 Qb3 34. Qxb3
cxb3 35. Nc4 b2 36. Nxb2 Ne2+ 37. Kf1 Bxb2 1/2-1/2

[Event "Frankfurt Ch 2014"]
[Site "Ffm-Höchst, BiKuZ"]
[Date "2014.05.05"]
[Round "2.17"]
[White "Barisch, Florian"]
[Black "Richter, Tobias"]
[Result "1/2-1/2"]
[WhiteElo "1822"]
[BlackElo "1975"]
[PlyCount "91"]
[EventDate "2014.??.??"]
[WhiteTeam "SF Anderssen Wetzlar"]
[BlackTeam "SV Merseburg"]

1. d4 Nf6 2. Nf3 e6 3. Bf4 b6 4. e3 Bb7 5. Nbd2 Be7 6. Bd3 Nh5 7. Bg3 f5 8. Ne5
Nf6 9. O-O O-O 10. h3 Qe8 11. Qe2 d6 12. Nef3 Qg6 13. Bh2 Nbd7 14. Ba6 Bxa6 15.
Qxa6 Qh5 16. Qc4 Nd5 17. Rfe1 N7f6 18. e4 fxe4 19. Nxe4 Qg6 20. Neg5 Kh8 21.
Nxe6 Rf7 22. Nfg5 Raf8 23. Nxf7+ Rxf7 24. Qd3 Qxd3 25. cxd3 Kg8 26. Rac1 Bf8
27. Nd8 Rd7 28. Nc6 a5 29. Bg3 g5 30. a3 Bh6 31. Rc2 Bf8 32. Rce2 Kg7 33. Rc2
Kg6 34. b4 axb4 35. axb4 Bg7 36. b5 Kf5 37. Rc4 Bf8 38. Kf1 Rg7 39. Ra1 h6 40.
Ra8 Be7 41. Rc8 Ke6 42. Nb8 Rg8 43. Rxg8 Nxg8 44. Ke2 Bf6 45. Kd2 Nge7 46. Na6
1/2-1/2

[Event "Frankfurt Ch 2014"]
[Site "Ffm-Höchst, BiKuZ"]
[Date "2014.05.05"]
[Round "2.18"]
[White "Roggensack, Hans Peter"]
[Black "Zimmer, Gerald"]
[Result "1/2-1/2"]
[WhiteElo "1955"]
[BlackElo "1832"]
[PlyCount "53"]
[EventDate "2014.??.??"]
[WhiteTeam "SF Frankfurt 1921"]
[BlackTeam "SC Bergen-Enkheim 1922"]

1. e4 e6 2. Qe2 c5 3. g3 Nc6 4. c3 Be7 5. Bg2 Nf6 6. e5 Nd5 7. Nf3 O-O 8. O-O
d6 9. d4 cxd4 10. cxd4 Bd7 11. Nbd2 Qb6 12. exd6 Bxd6 13. Nc4 Qa6 14. Bd2 Rac8
15. Rfc1 Bb4 16. Bf1 Be7 17. Nce5 Qxe2 18. Bxe2 Be8 19. Nxc6 Bxc6 20. Ne5 Rfd8
21. Nxc6 bxc6 22. Ba5 Nb6 23. Bf3 Rxd4 24. Rxc6 Rxc6 25. Bxc6 Rc4 26. Bb5 Rc5
27. Bxb6 1/2-1/2

[Event "Frankfurt Ch 2014"]
[Site "Ffm-Höchst, BiKuZ"]
[Date "2014.05.05"]
[Round "2.19"]
[White "Janke, Christian"]
[Black "Bittner, Peter"]
[Result "1/2-1/2"]
[WhiteElo "1949"]
[BlackElo "1827"]
[PlyCount "105"]
[EventDate "2014.??.??"]
[WhiteTeam "SV Spr.Siershahn"]
[BlackTeam "SC 1961 König Nied"]

1. e4 c6 2. f4 d5 3. e5 e6 4. Nf3 Ne7 5. g3 b6 6. Bg2 Ba6 7. d3 Nf5 8. O-O Bc5+
9. Kh1 h5 10. Re1 h4 11. g4 Ng3+ 12. hxg3 hxg3+ 13. Bh3 Rxh3+ 14. Kg2 Rh8 15.
Kxg3 Be7 16. Rh1 Kd7 17. Bd2 Kc7 18. b4 Nd7 19. a4 Rxh1 20. Qxh1 Qh8 21. Nc3
Bb7 22. Qg2 Qf8 23. Rb1 a6 24. a5 b5 25. d4 Re8 26. Ne2 Bc8 27. c3 f6 28. Qh3
Qh8 29. Rh1 Qxh3+ 30. Rxh3 Rg8 31. Kg2 Nf8 32. exf6 gxf6 33. g5 e5 34. Rg3 e4
35. Nh2 fxg5 36. fxg5 Ng6 37. Ng4 Nh4+ 38. Kf2 Rf8+ 39. Bf4+ Kb7 40. Ne5 Bd6
41. Ke1 Bxe5 42. Bxe5 Nf3+ 43. Kd1 Bd7 44. g6 Rg8 45. Bf6 Nh2 46. Nf4 Ng4 47.
Be5 Kc8 48. g7 Kd8 49. Rg1 Bf5 50. Ke1 Ke8 51. Nh5 Kf7 52. Rf1 Kg6 53. Nf4+
1/2-1/2

[Event "Frankfurt Ch 2014"]
[Site "Ffm-Höchst, BiKuZ"]
[Date "2014.05.05"]
[Round "2.20"]
[White "Gutacker, Stephan"]
[Black "Kuhn, Gerhard"]
[Result "1/2-1/2"]
[WhiteElo "1811"]
[BlackElo "1947"]
[PlyCount "44"]
[EventDate "2014.??.??"]
[WhiteTeam "Sfr.1932 Kelkheim"]
[BlackTeam "SK Marburg 1931/72"]

1. e4 c6 2. d4 d5 3. exd5 cxd5 4. c4 Nf6 5. Nc3 Nc6 6. c5 g6 7. Nf3 Bg7 8. Be2
O-O 9. O-O Ne4 10. Be3 Nxc3 11. bxc3 Qc7 12. Qb3 Rd8 13. Rad1 b6 14. cxb6 axb6
15. Rb1 Ba6 16. Rfe1 Qd7 17. Qc2 Rdb8 18. Bf4 Rc8 19. Qd2 Bxe2 20. Qxe2 Qa7 21.
Rb2 Qa3 22. Rxb6 Qxa2 1/2-1/2

[Event "Frankfurt Ch 2014"]
[Site "Ffm-Höchst, BiKuZ"]
[Date "2014.05.05"]
[Round "2.21"]
[White "Grobe, Detlef"]
[Black "Straub, Fabian"]
[Result "1/2-1/2"]
[WhiteElo "1932"]
[BlackElo "1816"]
[PlyCount "44"]
[EventDate "2014.??.??"]
[WhiteTeam "SK 1962 Ladenburg"]
[BlackTeam "SV Frankfurt Nord 1926"]

1. Nf3 e6 2. d4 d5 3. c4 b6 4. cxd5 exd5 5. Nc3 Nf6 6. Bg5 Be7 7. Qb3 Bb7 8. e3
O-O 9. Be2 Nbd7 10. O-O Re8 11. Rfd1 Nf8 12. Ne5 c6 13. Bxf6 Bxf6 14. f4 Bxe5
15. dxe5 Qh4 16. Bf3 Ne6 17. g3 Qe7 18. Rac1 Red8 19. Ne2 Rd7 20. Nd4 Nxd4 21.
exd4 Qe6 22. Kg2 f5 1/2-1/2

[Event "Frankfurt Ch 2014"]
[Site "Ffm-Höchst, BiKuZ"]
[Date "2014.05.05"]
[Round "2.22"]
[White "Krüger, Till"]
[Black "Hierling, Stefan"]
[Result "1-0"]
[WhiteElo "1803"]
[BlackElo "1926"]
[PlyCount "85"]
[EventDate "2014.??.??"]
[WhiteTeam "SC Nidderau"]
[BlackTeam "VSG 1880 Offenbach"]

1. e4 c5 2. Nf3 Nc6 3. Bb5 a6 4. Bxc6 dxc6 5. d3 Qc7 6. h3 g6 7. O-O Bg7 8. a4
a5 9. Nc3 Bd7 10. Be3 b6 11. Qe2 e5 12. Nd2 Ne7 13. f4 exf4 14. Bxf4 Be5 15.
Bxe5 Qxe5 16. Nc4 Qc7 17. e5 O-O 18. Ne4 Be6 19. Nf6+ Kg7 20. Nd6 Rad8 21. Qf2
Rxd6 22. Qh4 h6 23. exd6 Qxd6 24. Ne4 Qd4+ 25. Kh1 Nd5 26. c3 Qxd3 27. Rf3 Qc4
28. Qe1 Qa6 29. Nd6 b5 30. Qe5+ Kg8 31. Raf1 Qa8 32. b3 Qb8 33. c4 bxc4 34.
bxc4 Nb6 35. Qxc5 Nxa4 36. Qxc6 Qb4 37. Rf4 Nc5 38. Qf3 Qb3 39. Qf2 Nd3 40. Qe3
Rd8 41. Nxf7 Bxf7 42. Rxf7 Qxc4 43. Qe7 1-0

[Event "Frankfurt Ch 2014"]
[Site "Ffm-Höchst, BiKuZ"]
[Date "2014.05.05"]
[Round "2.23"]
[White "Wagner, Dirk"]
[Black "Cors, Heinz-Friedrich"]
[Result "1/2-1/2"]
[WhiteElo "1919"]
[BlackElo "1811"]
[PlyCount "107"]
[EventDate "2014.??.??"]
[WhiteTeam "SC Matt im Park Ffm"]
[BlackTeam "Schachforum Darmstadt 1994"]

1. c4 Nf6 2. Nc3 e6 3. Nf3 b6 4. e4 d5 5. e5 Ne4 6. cxd5 exd5 7. Nxe4 dxe4 8.
Qa4+ Bd7 9. Qxe4 Bc6 10. Qf4 Bd5 11. Be2 Be7 12. O-O O-O 13. d4 f6 14. Qg3 Kh8
15. Bf4 c6 16. exf6 Bxf6 17. Be5 Nd7 18. Bd6 Re8 19. Ne5 Nf8 20. Bxf8 Rxf8 21.
b3 c5 22. Qh3 Kg8 23. Nd7 Re8 24. Nxf6+ Qxf6 25. Bd3 g6 26. dxc5 bxc5 27. Rac1
Re5 28. Bc4 Bxc4 29. Rxc4 Rae8 30. Qc3 Qe7 31. h3 Rg5 32. Qd2 Rd8 33. Qf4 Rf5
34. Qe3 Re5 35. Qc1 Rdd5 36. Qb2 Re2 37. Rc2 Rde5 38. Qc3 Rxc2 39. Qxc2 Re2 40.
Qc4+ Kg7 41. a4 Re4 42. Qc3+ Qe5 43. Qxe5+ Rxe5 44. Rd1 Re7 45. Kf1 Kf6 46. Rc1
Re5 47. g3 Ke6 48. h4 Kd6 49. Kg2 Rd5 50. Rc3 Rd4 51. Kf3 Rb4 52. Kg2 c4 53.
Rxc4 Rxb3 54. h5 1/2-1/2

[Event "Frankfurt Ch 2014"]
[Site "Ffm-Höchst, BiKuZ"]
[Date "2014.05.05"]
[Round "2.24"]
[White "Rondonuwu, Grover"]
[Black "Makilla, Tobias"]
[Result "1-0"]
[WhiteElo "1911"]
[BlackElo "1762"]
[PlyCount "133"]
[EventDate "2014.??.??"]
[WhiteTeam "Sabt Frankfurter TV 1860"]
[BlackTeam "SC 1979 Hattersheim"]

1. d4 Nf6 2. Bf4 d5 3. e3 Bf5 4. Be2 e6 5. Nf3 Bd6 6. Ne5 Nfd7 7. Bg3 Nxe5 8.
dxe5 Be7 9. Nd2 c6 10. O-O Nd7 11. c4 Qb6 12. Qc1 O-O 13. a3 a5 14. Nf3 Nc5 15.
Nd4 Bg6 16. cxd5 cxd5 17. f3 Nd3 18. Bxd3 Bxd3 19. Rd1 Rfc8 20. Qd2 Bc4 21.
Rac1 a4 22. Rc3 Qa6 23. Be1 b5 24. Rcc1 Rc7 25. Qf2 Rb8 26. Nc2 Qb6 27. Bc3 Bb3
28. Re1 Rbc8 29. Qd2 Qb7 30. Nd4 Bc4 31. Bb4 Bc5 32. Bxc5 Rxc5 33. Qb4 Qc7 34.
f4 Bd3 35. Rxc5 Qxc5 36. Qxc5 Rxc5 37. Rd1 Be4 38. Kf2 Kf8 39. g3 Ke7 40. Ke2
f6 41. Kd2 fxe5 42. fxe5 Bg6 43. Rc1 Rxc1 44. Kxc1 Be8 45. Kd2 b4 46. axb4 Bd7
47. b5 Kd8 48. b6 Kc8 49. Kc3 Kb7 50. Kb4 Kxb6 51. Ne2 Be8 52. Nc3 Bg6 53.
Nxa4+ Kc6 54. Nc5 Bf5 55. Nb3 Kb6 56. Nd4 Bg4 57. Kc3 Kc5 58. b4+ Kb6 59. Kd2
Kc7 60. Ke1 Kd7 61. Kd2 Kc7 62. Kc3 Kb6 63. Nc2 Bf5 64. Na3 Bg4 65. Kd2 Bf5 66.
Kc3 Kc6 67. Nc2 {Rest unleserlich!} 1-0

[Event "Frankfurt Ch 2014"]
[Site "Ffm-Höchst, BiKuZ"]
[Date "2014.05.05"]
[Round "2.25"]
[White "Calvi, Stefan"]
[Black "Winter, Olaf"]
[Result "1-0"]
[WhiteElo "2054"]
[BlackElo "1605"]
[PlyCount "67"]
[EventDate "2014.??.??"]
[WhiteTeam "SF Frankfurt 1921"]
[BlackTeam "SK Bad Homburg 1927"]

1. e4 c5 2. Nf3 Nc6 3. c3 e6 4. d4 cxd4 5. cxd4 h6 6. Nc3 a6 7. Bc4 b5 8. Bb3
Bb7 9. Qe2 Na5 10. Bc2 b4 11. Na4 d5 12. e5 Nc4 13. O-O Bc6 14. Nc5 Bxc5 15.
dxc5 Qa5 16. b3 Na3 17. Bd3 Nb5 18. Be3 Ne7 19. Rfc1 O-O 20. Qd2 Nc3 21. a3 Ne4
22. Qxb4 Qxb4 23. axb4 Bb5 24. Bxb5 axb5 25. Nd4 Nf5 26. Nxb5 Rab8 27. Ra5 Rxb5
28. Rxb5 d4 29. g4 Nxe3 30. fxe3 Nc3 31. Rxc3 dxc3 32. c6 Ra8 33. c7 Ra1+ 34.
Kg2 1-0

[Event "Frankfurt Ch 2014"]
[Site "Ffm-Höchst, BiKuZ"]
[Date "2014.05.05"]
[Round "2.26"]
[White "Miller, Justin"]
[Black "Reschke, Stefan"]
[Result "0-1"]
[WhiteElo "1634"]
[BlackElo "2319"]
[PlyCount "104"]
[EventDate "2014.??.??"]
[WhiteTeam "Sfr.1932 Kelkheim"]
[BlackTeam "VSG 1880 Offenbach"]

1. e4 g6 2. d4 Bg7 3. Nc3 d6 4. Be3 a6 5. Nf3 Nd7 6. Bc4 e6 7. Qd2 h6 8. O-O
Ne7 9. Ne2 b6 10. Rad1 Nf6 11. Nc3 Bb7 12. Bd3 Nd7 13. Qe2 O-O 14. Nd2 f5 15.
f3 f4 16. Bf2 Qe8 17. Nb3 Qf7 18. Nb1 Rfd8 19. c4 c5 20. Nc3 Nc6 21. Bb1 e5 22.
dxc5 dxc5 23. Nd5 Nd4 24. Qd3 Rab8 25. Rfe1 Bc6 26. Qc3 Kh8 27. Bd3 Rg8 28. Nd2
Bf8 29. Bf1 g5 30. g4 fxg3 31. hxg3 Bd6 32. Bg2 Rbf8 33. Re3 h5 34. Rf1 Qh7 35.
Bh3 g4 36. fxg4 hxg4 37. Bg2 Be7 38. Nxe7 Qxe7 39. Be1 Qg5 40. Rxf8 Rxf8 41.
Bf2 Qf6 42. Be1 Rd8 43. Bf2 Nf8 44. Bf1 Nfe6 45. Be2 Rf8 46. Be1 Qg5 47. Bf2
Qh5 48. Bd1 a5 49. Be2 Ng5 50. Kg2 Rd8 51. Qd3 Qh3+ 52. Kg1 Ndf3+ 0-1